000 00509nam a2200169Ia 4500
005 20260601193220.0
008 260601s9999||||xx |||||||||||||| ||und||
020 _a978-3-031-42819-7
_qebk
100 _aMoreno Colombo
245 0 _aPhenotropic Interaction
250 _a2024
260 _aHeidelberg, Germany
_bSpringer Nature
_c2024
440 _aFuzzy Management Methods
650 _aComputer Science
856 _uhttps://link.springer.com/openurl?genre=book&isbn=978-3-031-42819-7
942 _cEB
_2ddc
999 _c55773
_d55773